Špecifická jedinečnosť kapitálového trhu v Číne

Rýchly rozvoj trhov s cennými papiermi v Číne. Centralistické riadenie kapitálového trhu. Pomalá reakcia legislatívy na požiadavky trhu.

Enregistré dans:
Détails bibliographiques
Format: Chapitre de livre
Langue:slovaque
Sujets:
Tags: Ajouter un tag
Pas de tags, Soyez le premier à ajouter un tag!

MARC

LEADER 00000naa a2200000 4500
001 r018617
005 20221213095954.4
041 0 |a slo 
044 |a SK 
245 1 0 |a Špecifická jedinečnosť kapitálového trhu v Číne 
520 |a Rýchly rozvoj trhov s cennými papiermi v Číne. Centralistické riadenie kapitálového trhu. Pomalá reakcia legislatívy na požiadavky trhu. 
610 2 0 |a Čína 
610 2 0 |a 1980-1995 
610 2 0 |a trh kapitálový 
610 2 0 |a burzy 
610 2 0 |a papiere cenné